[Event "QGD Slav defence over 1800"]
[Site "SchemingMind.com"]
[Date "2007.08.08"]
[Round "-"]
[White "GrischukFan"]
[Black "Aumonde"]
[Result "1-0"]
[WhiteCountry "GER"]
[BlackCountry "USA"]
[WhiteElo "2340"]
[WhiteRD "83"]
[BlackElo "2190"]
[BlackRD "59"]
[GameID "115512"]

1. d4 d5 2. c4 c6 3. Nf3 Nf6 4. Nc3 dxc4 5. a4 Bf5 6. Ne5 Nbd7 7. Nxc4 e6 8. f3 Be7 9. e4 Bg6 10. Be2 O-O
11. O-O Qc7 12. Be3 Rfd8 13. Qe1 Nb6 14. Ne5 Nbd7 15. Nxg6 hxg6 16. f4 Bb4 17. e5 Bxc3 18. bxc3 Nd5 19. Rf3 c5 20. Rh3 Nxe3
21. Qh4 f6 22. Rxe3 cxd4 23. cxd4 Rac8 24. Rd1 Qc2 25. a5 f5= 26. g4 Nf8 27. gxf5 gxf5 28. Kf1 Qa4= 29. Rh3 Kf7 30. Rhd3 Rd7
31. Qh8 g6 32. h4 Ke8 33. h5 Rh7 34. Qf6 Rcc7 35. hxg6 Rh1+ 36. Kg2 Qc2 37. Kxh1 Qxe2 38. Qg5 Rg7 39. Qg2 Qxg2+ 40. Kxg2 Nxg6
41. Kf3 Nh4+ 42. Kf2
1-0

[Event "QGD Slav defence over 1800"]
[Site "SchemingMind.com"]
[Date "2007.08.10"]
[Round "-"]
[White "GrischukFan"]
[Black "maaac"]
[Result "1-0"]
[WhiteCountry "GER"]
[BlackCountry "AUS"]
[WhiteElo "2260"]
[WhiteRD "85"]
[BlackElo "1737"]
[BlackRD "86"]
[GameID "115513"]

1. d4 d5 2. c4 c6 3. Nf3 Nf6 4. Nc3 e6 5. e3 Nbd7 6. Qc2 Bd6 7. Bd3 O-O 8. O-O e5 9. cxd5 cxd5 10. e4 exd4
11. Nxd5 Nxd5 12. exd5 Nf6 13. Nxd4 h6 14. Bc4 Bc5 15. Qd3 Nxd5 16. Nb3
1-0

[Event "QGD Slav defence over 1800"]
[Site "SchemingMind.com"]
[Date "2007.08.13"]
[Round "-"]
[White "GrischukFan"]
[Black "egis"]
[Result "1-0"]
[WhiteCountry "GER"]
[BlackCountry "LTU"]
[WhiteElo "2340"]
[WhiteRD "84"]
[BlackElo "2036"]
[BlackRD "73"]
[GameID "115514"]

1. d4 d5 2. c4 c6 3. Nf3 Nf6 4. Nc3 e6 5. e3 Bb4 6. Bd3 O-O 7. O-O Nbd7 8. Qc2 Nb6 9. b3 Bd7 10. Bb2 a6
11. a3 Be7 12. e4 dxe4 13. Nxe4 Nxe4 14. Bxe4 h6 15. Qc3 Bf6 16. Rad1 Bc8 17. Ne5 Bxe5 18. dxe5 Bd7 19. Bc2 Qc7 20. Qd3 g6
21. Qe3 Kg7 22. Bd4 Nc8 23. Qf4 Rh8 24. Qf6+ Kg8 25. Bc5 Rh7 26. Rd3 Nb6 27. Bxb6 Qxb6 28. Rxd7 Rg7 29. Rfd1 Qc5 30. Bxg6 Qf8
31. Bc2 Re8 32. Rd8 Rg4 33. Rxe8 Qxe8 34. Rd8 Qxd8 35. Qxd8+ Kg7 36. Qf6+ Kf8 37. Qxh6+ Ke8 38. Qh8+ Ke7 39. Qf6+ Ke8 40. h4 a5
41. h5 a4 42. h6 Rg8 43. h7 Rf8 44. h8=Q Rxh8 45. Qxh8+ Kd7 46. Qf6 Kc8 47. Qxf7 axb3 48. Qxe6+ Kb8 49. Bxb3 Ka7 50. c5
1-0

[Event "QGD Slav defence over 1800"]
[Site "SchemingMind.com"]
[Date "2007.08.11"]
[Round "-"]
[White "GrischukFan"]
[Black "Lazaro"]
[Result "1-0"]
[WhiteCountry "GER"]
[BlackCountry "CUB"]
[WhiteElo "2293"]
[WhiteRD "84"]
[BlackElo "1900"]
[BlackRD "58"]
[GameID "115515"]

1. d4 d5 2. c4 c6 3. Nf3 Nf6 4. Nc3 e6 5. e3 Bd6 6. Bd3 O-O 7. O-O Nbd7 8. e4 dxe4 9. Nxe4 Nxe4 10. Bxe4 Nf6
11. Bc2 b5 12. c5 Bc7 13. Bg5 h6 14. Bh4 Qd5 15. Re1 Rd8 16. Qd2 Qh5 17. Bxf6 gxf6 18. Re4
1-0

[Event "QGD Slav defence over 1800"]
[Site "SchemingMind.com"]
[Date "2007.08.07"]
[Round "-"]
[White "GrischukFan"]
[Black "thebirdolux"]
[Result "1-0"]
[WhiteCountry "GER"]
[BlackCountry "USA"]
[WhiteElo "2293"]
[WhiteRD "84"]
[BlackElo "1875"]
[BlackRD "92"]
[GameID "115516"]

1. d4 d5 2. c4 c6 3. Nf3 Nf6 4. Nc3 dxc4 5. a4 Bf5 6. e3 e6 7. Bxc4 Bb4 8. O-O Nbd7 9. Qe2 Bg4 10. Rd1 Bxc3
11. bxc3 Ne4 12. Qc2 Ng5 13. Be2 Bxf3 14. gxf3 Nh3+ 15. Kg2 Qh4 16. Rf1 Ng5 17. Kg1 Qh3 18. Qd1
1-0

[Event "QGD Slav defence over 1800"]
[Site "SchemingMind.com"]
[Date "2007.08.11"]
[Round "-"]
[White "AlekhineKid"]
[Black "GrischukFan"]
[Result "0-1"]
[WhiteCountry "USA"]
[BlackCountry "GER"]
[WhiteElo "1902"]
[WhiteRD "79"]
[BlackElo "2293"]
[BlackRD "84"]
[GameID "115517"]

1. d4 d5 2. c4 c6 3. Nc3 Nf6 4. Nf3 e6 5. Bg5 h6 6. Bxf6 Qxf6 7. e3 Nd7 8. Bd3 dxc4 9. Bxc4 g6 10. O-O Bg7
11. b4 O-O 12. Ne4 Qe7 13. Qb3 b6 14. Rac1 Bb7 15. Ned2 a5 16. bxa5 Rxa5 17. Rfd1 Rfa8 18. Nb1 Rxa2 19. Qxa2 Rxa2 20. Bxa2 c5
21. Nbd2 b5 22. dxc5 Nxc5 23. Nd4 Bxd4 24. exd4 Nd3 25. Rc3 Qg5 26. g3 Qg4 27. Bb3 Qxd4 28. Rxd3 Qxd3
0-1

[Event "QGD Slav defence over 1800"]
[Site "SchemingMind.com"]
[Date "2007.08.07"]
[Round "-"]
[White "Apocalypse"]
[Black "GrischukFan"]
[Result "1-0"]
[WhiteCountry "USA"]
[BlackCountry "GER"]
[WhiteElo "2278"]
[WhiteRD "77"]
[BlackElo "2334"]
[BlackRD "84"]
[GameID "115518"]

1. d4 d5 2. c4 c6 3. Nc3 Nf6 4. e3 e6 5. Nf3 Nbd7 6. Qc2 Bd6 7. Bd3 O-O 8. O-O dxc4 9. Bxc4 b5 10. Bd3 Bb7
11. a3 a6 12. b4 a5 13. Rb1 axb4 14. axb4 Qe7 15. e4 e5 16. Ne2 Bxb4 17. Ng3 g6 18. dxe5 Ng4 19. Bg5 Qc5 20. e6 fxe6
21. Qb3 Nge5 22. Qxe6+ Rf7 23. Nxe5 Nxe5 24. Be2 Bc3 25. Rbc1 Nd7 26. Nf5 gxf5 27. Bh5 Rf8 28. Rfd1 Qe5 29. exf5 Bd4 30. Bh6 Bxf2+
31. Kh1 Qxf5 32. Bxf7+ Qxf7 33. Qxd7 Qxd7 34. Rxd7 Rf6 35. Bd2 Ba6 36. Bc3
1-0

[Event "QGD Slav defence over 1800"]
[Site "SchemingMind.com"]
[Date "2007.08.10"]
[Round "-"]
[White "maaac"]
[Black "GrischukFan"]
[Result "0-1"]
[WhiteCountry "AUS"]
[BlackCountry "GER"]
[WhiteElo "1754"]
[WhiteRD "83"]
[BlackElo "2244"]
[BlackRD "87"]
[GameID "115520"]

1. d4 d5 2. c4 c6 3. Nc3 Nf6 4. Nf3 e6 5. Bg5 h6 6. Bh4 dxc4 7. e4 g5 8. Bg3 b5 9. e5 Nd5 10. Ne4 Bb4+
11. Nfd2 c3 12. bxc3 Nxc3 13. Qc2 Qxd4 14. Nf6+ Ke7
0-1

[Event "QGD Slav defence over 1800"]
[Site "SchemingMind.com"]
[Date "2007.08.13"]
[Round "-"]
[White "egis"]
[Black "GrischukFan"]
[Result "0-1"]
[WhiteCountry "LTU"]
[BlackCountry "GER"]
[WhiteElo "2005"]
[WhiteRD "74"]
[BlackElo "2340"]
[BlackRD "83"]
[GameID "115521"]

1. d4 d5 2. c4 c6 3. Nc3 Nf6 4. cxd5 cxd5 5. Bg5 Ne4 6. Nxe4 dxe4 7. Qd2 Qd5 8. Be3 Nc6 9. b3 e5 10. O-O-O Ba3+
11. Kb1 O-O 12. Qc2 exd4 13. Bc1 Nb4 14. Qc7 e3 15. Bxa3 Bf5+ 16. Ka1 Nc2+ 17. Qxc2 Bxc2 18. Nf3 Bxd1 19. b4 Rfc8 20. Bb2 Rc2
21. Ne1 Rxb2 22. Kxb2 Qc4 23. Kb1 Qxb4+ 24. Ka1 Rc8 25. Nd3 Qc3+
0-1

[Event "QGD Slav defence over 1800"]
[Site "SchemingMind.com"]
[Date "2007.08.07"]
[Round "-"]
[White "thebirdolux"]
[Black "GrischukFan"]
[Result "0-1"]
[WhiteCountry "USA"]
[BlackCountry "GER"]
[WhiteElo "1875"]
[WhiteRD "92"]
[BlackElo "2293"]
[BlackRD "84"]
[GameID "115523"]

1. d4 d5 2. c4 c6 3. Nc3 Nf6 4. e3 e6 5. Nf3 Nbd7 6. Bd3 dxc4 7. Bxc4 b5 8. Bd3 Bb7 9. O-O a6 10. Qe2 c5
11. a3 Bd6 12. Bc2 Qc7 13. dxc5 Nxc5 14. e4 O-O 15. Re1 Ncd7 16. e5 Bxf3 17. exd6 Qxc3
0-1

[Event "QGD Slav defence over 1800"]
[Site "SchemingMind.com"]
[Date "2007.08.12"]
[Round "-"]
[White "faulty"]
[Black "AlekhineKid"]
[Result "0-1"]
[WhiteCountry "USA"]
[BlackCountry "USA"]
[WhiteElo "1848"]
[WhiteRD "74"]
[BlackElo "1902"]
[BlackRD "79"]
[GameID "115702"]

1. d4 d5 2. c4 c6 3. Nc3 Nf6 4. Nf3 dxc4 5. a4 Bf5 6. e3 e6 7. Bxc4 Bb4 8. O-O Nbd7 9. Nh4 O-O 10. Nxf5 exf5
11. Bd2 Qa5 12. Bd3 Rfe8 13. Qc2 g6 14. Rfd1 Nb6 15. b3 Nbd5 16. Nxd5 Nxd5 17. Bxb4 Qxb4 18. Qc4 Qe7 19. g3 Rad8 20. Bf1 h5
21. Re1 h4 22. Bg2 hxg3 23. hxg3 Kg7 24. e4 fxe4 25. Rxe4 Qd7 26. Rxe8 Qxe8 27. Kf1 Qd7 28. Bxd5 Qxd5 29. Qxd5 Rxd5 30. Rd1 Kf6
31. Ke2 Rh5 32. Rd2 Ke6 33. Kd3 Kd5 34. Re2 Rf5 35. f4 Kd6 36. Re5 Rxe5 37. dxe5+ Kd5 38. Ke3 c5 39. Kd3 b6 40. Ke3 a6
41. Kd3 b5 42. a5 g5 43. Ke3 c4 44. b4 gxf4+ 45. gxf4 c3= 46. Kd3 c2 47. Kxc2 Kc4 48. Kd2 Kxb4 49. f5 Kc5 50. e6 fxe6
51. fxe6 Kd6 52. Kc3 Kxe6 53. Kb3 Kd5 54. Kc3 Kc5 55. Kb3 Kd4 56. Kb4 Kd5 57. Kc3 Ke4 58. Kb4 Kd4
0-1

[Event "QGD Slav defence over 1800"]
[Site "SchemingMind.com"]
[Date "2007.08.08"]
[Round "-"]
[White "faulty"]
[Black "Apocalypse"]
[Result "0-1"]
[WhiteCountry "USA"]
[BlackCountry "USA"]
[WhiteElo "1848"]
[WhiteRD "74"]
[BlackElo "2126"]
[BlackRD "82"]
[GameID "115703"]

1. d4 d5 2. c4 c6 3. Nc3 Nf6 4. Bg5 Nbd7 5. e3 Qa5 6. Nf3 Ne4 7. Bf4 e5 8. dxe5 Bb4 9. Nd2 Nxc3 10. bxc3 Bxc3
11. Rc1 Nc5 12. f3 b5 13. cxb5 cxb5 14. Qc2 d4 15. exd4 Bxd4 16. Be2 O-O 17. Kf1 Be6 18. g3 Bh3+ 19. Ke1 Rac8 20. Kd1 Na4
21. Qxc8 Bxc8
0-1

[Event "QGD Slav defence over 1800"]
[Site "SchemingMind.com"]
[Date "2007.08.09"]
[Round "-"]
[White "faulty"]
[Black "Aumonde"]
[Result "0-1"]
[WhiteCountry "USA"]
[BlackCountry "USA"]
[WhiteElo "1879"]
[WhiteRD "80"]
[BlackElo "2262"]
[BlackRD "56"]
[GameID "115704"]

1. d4 d5 2. c4 c6 3. Nc3 e6 4. Nf3 Nf6 5. Bg5 dxc4 6. e3 b5 7. a4 Bb4 8. Nd2 Bb7 9. Qf3 a6 10. axb5 axb5
11. Rxa8 Bxa8 12. g3 Nbd7 13. Bg2 O-O 14. O-O Qa5 15. Ndb1 c5 16. Qd1 Bxg2 17. Kxg2 cxd4 18. Qxd4 Bc5 19. Qh4 Be7 20. Ne4 h6
21. Bxf6 Nxf6 22. Qf4 Qb4 23. Nbd2 Nxe4 24. Nxe4 Qxb2
0-1

[Event "QGD Slav defence over 1800"]
[Site "SchemingMind.com"]
[Date "2007.08.10"]
[Round "-"]
[White "faulty"]
[Black "maaac"]
[Result "1/2-1/2"]
[WhiteCountry "USA"]
[BlackCountry "AUS"]
[WhiteElo "1848"]
[WhiteRD "74"]
[BlackElo "1814"]
[BlackRD "78"]
[GameID "115705"]

1. d4 d5 2. c4 c6 3. Nc3 Nf6 4. Bg5 e6 5. e3 Be7 6. Nf3 Nbd7 7. Bd3 O-O 8. O-O dxc4 9. Bxc4 b5 10. Bd3 Bb7
11. Qc2 h6 12. Bh4 a6 13. a3 c5 14. dxc5 Nxc5 15. Be2 Rc8 16. Rad1 Qb6 17. Nd2 Rfd8 18. h3 e5 19. Bxf6 Bxf6 20. e4 Rd7
21. Kh2 Rcd8 22. b4 Ne6 23. Nb3 Nd4 24. Qb2 Nxb3 25. Qxb3 Rxd1 26. Bxd1 Qd4 27. Bf3 Rc8 28. Ne2 Qd2 29. Rd1 Qc2 30. Qxc2 Rxc2
31. Rd7 Bc8 32. Rd3 Be6 33. Rc3 Ra2 34. Kg3 Be7 35. Nc1 Rd2 36. Nb3 Bxb3 37. Rxb3 Ra2 38. Bg4 g6 39. Bc8 a5 40. Bd7 axb4
41. axb4 Ra4 42. Bxb5 Rxb4= 43. Rxb4 Bxb4 44. f3=
1/2-1/2

[Event "QGD Slav defence over 1800"]
[Site "SchemingMind.com"]
[Date "2007.08.13"]
[Round "-"]
[White "faulty"]
[Black "egis"]
[Result "0-1"]
[WhiteCountry "USA"]
[BlackCountry "LTU"]
[WhiteElo "1889"]
[WhiteRD "74"]
[BlackElo "2026"]
[BlackRD "72"]
[GameID "115706"]

1. d4 d5 2. c4 c6 3. Nc3 e5 4. dxe5 d4 5. Ne4 Qa5+ 6. Bd2 Qc7 7. Nf3 c5 8. e3 dxe3 9. Bxe3 Be6 10. Be2 Qa5+
11. Qd2 Qxd2+ 12. Nfxd2 Nc6 13. f4 b6 14. O-O-O Be7 15. Nf3 Nh6 16. h3 Nf5 17. Bf2 Na5 18. b3 Bd7 19. g4 Nh6 20. Nd6+ Bxd6
21. Rxd6 Nb7 22. Rd2 Bc6 23. Rg1 O-O 24. Nh4 Kh8 25. g5 Ng8 26. f5 a5 27. Bg3 a4 28. Kb2 Ra5 29. Ra1 Rfa8 30. Rdd1 Nd8
31. Bf3 Bxf3 32. Nxf3 R5a7 33. Be1 Ne7 34. Nh4 Nec6 35. Bc3 Nd4 36. Bxd4 cxd4 37. Nf3 Nc6 38. b4 Re7 39. Nxd4 Nxe5 40. Rac1 Rd7
41. c5 bxc5 42. Rxc5 Nf3 43. Kc3 Nxg5 44. Re1 Rxd4 45. Kxd4 Nf3+ 46. Kc4 Nxe1 47. b5 g5 48. f6 h6 49. b6 Kh7 50. b7 Rb8
51. Rb5 Kg6 52. Rb6 h5 53. Kc5 g4
0-1

[Event "QGD Slav defence over 1800"]
[Site "SchemingMind.com"]
[Date "2007.08.08"]
[Round "-"]
[White "faulty"]
[Black "GrischukFan"]
[Result "0-1"]
[WhiteCountry "USA"]
[BlackCountry "GER"]
[WhiteElo "1909"]
[WhiteRD "81"]
[BlackElo "2250"]
[BlackRD "86"]
[GameID "115707"]

1. d4 d5 2. c4 c6 3. Nc3 Nf6 4. Bg5 dxc4 5. e3 b5 6. a4 b4 7. Na2 Ne4 8. Bf4 Qa5 9. Bxc4 b3+ 10. Nc3 Nxc3
11. Qd2 e5 12. bxc3 exf4 13. Bxb3 Bd6 14. exf4 Bxf4
0-1

[Event "QGD Slav defence over 1800"]
[Site "SchemingMind.com"]
[Date "2007.08.12"]
[Round "-"]
[White "faulty"]
[Black "Lazaro"]
[Result "1-0"]
[WhiteCountry "USA"]
[BlackCountry "CUB"]
[WhiteElo "1941"]
[WhiteRD "77"]
[BlackElo "1595"]
[BlackRD "46"]
[GameID "115708"]

1. d4 d5 2. c4 c6 3. Nc3 Nf6 4. Bg5 e6 5. e3 Bd6 6. Bd3 Nbd7 7. c5 Bc7 8. Nge2 O-O 9. O-O b6 10. cxb6 axb6
11. Qc2 Bxh2+ 12. Kh1 Bb8 13. Bxh7+ Kh8 14. Bd3 e5 15. dxe5 Nxe5 16. Bf5 Qd6 17. g3 g6 18. Bxc8 Rxc8 19. Kg2 Nh7 20. Rh1 Kg8
21. Bh6 Qf6 22. f4 Ng4 23. Kf3 Qe6 24. Qd2 Qf5 25. Nd4 Qd7 26. Rh4 c5 27. Rxg4 cxd4 28. Qxd4 f6 29. Rxg6+ Kh8 30. Bg7+ Qxg7
31. Rxg7 Kxg7 32. g4 Rd8 33. Qxb6 Ba7 34. Qc7+ Kg8 35. Rh1 Nf8 36. Nxd5 Rxd5 37. Qc4 Rd8 38. e4 Bb8 39. Rd1
1-0

[Event "QGD Slav defence over 1800"]
[Site "SchemingMind.com"]
[Date "2007.08.08"]
[Round "-"]
[White "faulty"]
[Black "thebirdolux"]
[Result "1-0"]
[WhiteCountry "USA"]
[BlackCountry "USA"]
[WhiteElo "1919"]
[WhiteRD "80"]
[BlackElo "1893"]
[BlackRD "90"]
[GameID "115709"]

1. d4 d5 2. c4 c6 3. Nc3 Nf6 4. Bg5 dxc4 5. e3 Be6 6. Nf3 h6 7. Bh4 Qb6 8. Qc2 Na6 9. Nd2 Nb4 10. Qb1 g5
11. Bg3 Qa6 12. b3 Nd3+ 13. Bxd3 cxd3 14. O-O Bg7 15. Na4
1-0

[Event "QGD Slav defence over 1800"]
[Site "SchemingMind.com"]
[Date "2007.08.12"]
[Round "-"]
[White "AlekhineKid"]
[Black "faulty"]
[Result "1-0"]
[WhiteCountry "USA"]
[BlackCountry "USA"]
[WhiteElo "1902"]
[WhiteRD "79"]
[BlackElo "1848"]
[BlackRD "74"]
[GameID "115710"]

1. d4 d5 2. c4 c6 3. Nf3 dxc4 4. e4 b5 5. a4 Nf6 6. e5 Nd5 7. b3 Qa5+ 8. Nbd2 c3 9. Ne4 b4 10. Bc4 e6
11. O-O Ba6 12. Nfg5 h6 13. Qh5 g6 14. Qh3 Bc8 15. Bxd5 cxd5 16. Nf6+ Ke7 17. Nf3 Bg7 18. Ng4 Nc6 19. Bxh6 Kf8 20. Bxg7+ Kxg7
21. Qg3 Ba6 22. Qf4 Qd8 23. Rfe1 Qe7 24. Qf6+ Qxf6 25. exf6+ Kf8 26. Nge5 Nxe5 27. Nxe5 Rh7 28. Nd7+ Ke8 29. Nc5 Bc8 30. a5 Bd7
31. Na6 Kd8 32. Nxb4 Rb8 33. Nd3 Rxb3 34. Reb1 Rxb1+ 35. Rxb1 Rh4 36. f4 a6 37. g3 Rh5 38. Ne5 Rf5 39. Nxf7+ Kc7 40. Rc1 Rxf6
41. Rxc3+ Kb8 42. Ne5 Bb5 43. Kg2 Be8 44. Rb3+ Ka7 45. Rb6 Ba4 46. Nc6+ Bxc6 47. Rxc6
1-0

[Event "QGD Slav defence over 1800"]
[Site "SchemingMind.com"]
[Date "2007.08.08"]
[Round "-"]
[White "Apocalypse"]
[Black "faulty"]
[Result "1-0"]
[WhiteCountry "USA"]
[BlackCountry "USA"]
[WhiteElo "2126"]
[WhiteRD "82"]
[BlackElo "1848"]
[BlackRD "74"]
[GameID "115711"]

1. d4 d5 2. c4 c6 3. e3 Nf6 4. Nf3 Nbd7 5. cxd5 cxd5 6. Nc3 g6 7. Qb3 Qb6 8. Nxd5 Qxb3 9. Nxf6+ Nxf6 10. axb3 Bg7
11. Ne5 O-O 12. Bc4 Nd7 13. f4 Nxe5 14. fxe5 a6 15. Bd2 Bd7 16. Bd5 Rab8 17. Bb4 Rfe8 18. Kf2 e6 19. Bf3 Bf8 20. Ba3 Bb5
21. Rhc1 Bxa3 22. bxa3 Re7 23. Rc3 Ree8 24. a4 Bd7 25. Rc7 Bc8 26. b4 b6 27. Ke2 Kf8 28. Rac1 Rd8 29. Bc6 h6 30. Rf1
1-0

[Event "QGD Slav defence over 1800"]
[Site "SchemingMind.com"]
[Date "2007.08.09"]
[Round "-"]
[White "Aumonde"]
[Black "faulty"]
[Result "1-0"]
[WhiteCountry "USA"]
[BlackCountry "USA"]
[WhiteElo "2262"]
[WhiteRD "56"]
[BlackElo "1879"]
[BlackRD "80"]
[GameID "115712"]

1. d4 d5 2. c4 c6 3. Nd2 Nf6 4. Ngf3 g6 5. e3 Bg7 6. Bd3 O-O 7. O-O b6 8. b4 c5 9. bxc5 bxc5 10. cxd5 Nxd5
11. Bb2 cxd4 12. Bxd4 Ba6 13. Bxa6 Nxa6 14. Bxg7 Kxg7 15. Qa4 Nac7 16. Rac1 Nb6 17. Qa3 Ne6 18. Rfd1 Re8 19. Nc4 Nxc4 20. Qc3+
1-0

[Event "QGD Slav defence over 1800"]
[Site "SchemingMind.com"]
[Date "2007.08.10"]
[Round "-"]
[White "maaac"]
[Black "faulty"]
[Result "1-0"]
[WhiteCountry "AUS"]
[BlackCountry "USA"]
[WhiteElo "1814"]
[WhiteRD "78"]
[BlackElo "1848"]
[BlackRD "74"]
[GameID "115713"]

1. d4 d5 2. c4 c6 3. Nc3 Nf6 4. Nf3 Na6 5. e3 Nc7 6. Bd3 dxc4 7. Bxc4 b5 8. Bd3 Bb7 9. O-O e6 10. e4 Be7
11. Bg5 O-O 12. Qe2 h6 13. Bh4 a6 14. e5 Nfd5 15. Bxe7 Qxe7 16. Ne4 Nf4 17. Qd2 Nxd3 18. Qxd3 Nd5 19. a3 Rad8 20. Nc5 Nb6
21. Rad1 Nc4 22. Qc3 Rd5 23. Nd2 Nxd2 24. Rxd2 Rdd8 25. b4 Ra8 26. a4 bxa4 27. Ra1 Qc7 28. Rxa4 Ra7 29. Ra5 Rfa8 30. h4 Qd8
31. g3 Qb6 32. Qc4 Bc8 33. Ne4 Bd7 34. Rb2 Rb8 35. Qc5 Qxc5 36. Nxc5 Bc8 37. g4 Kf8 38. g5 hxg5 39. hxg5 Ke7 40. f4 Rb5
41. Kf2 Ra8 42. Ke3 Kd8 43. Kd3 Kc7 44. Kc4 Rxa5 45. bxa5 Rb8 46. Rxb8 Kxb8 47. Ne4
1-0

[Event "QGD Slav defence over 1800"]
[Site "SchemingMind.com"]
[Date "2007.08.13"]
[Round "-"]
[White "egis"]
[Black "faulty"]
[Result "1-0"]
[WhiteCountry "LTU"]
[BlackCountry "USA"]
[WhiteElo "2026"]
[WhiteRD "72"]
[BlackElo "1889"]
[BlackRD "74"]
[GameID "115714"]

1. d4 d5 2. c4 c6 3. Nf3 dxc4 4. e3 b5 5. Be2 Nf6 6. O-O e6 7. Nc3 Bb4 8. a3 Bxc3 9. bxc3 O-O 10. Qc2 Bb7
11. Bb2 Nbd7 12. a4 a6 13. Ba3 Re8 14. Bb4 Qc7 15. Ng5 h6 16. Nf3 c5 17. dxc5 Nxc5 18. Bxc5 Qxc5 19. Qd2 Rad8 20. Qc2 Be4
21. Qc1 Bd3 22. Re1 Ne4 23. axb5 axb5 24. Nd2 Nxd2 25. Qxd2 Qe5 26. Rec1 Be4 27. Qb2 Qg5 28. Bf1 Bc6 29. Rd1 Rd5 30. Rd4 Red8
31. Ra6 Rxd4 32. exd4 Qd5 33. Qa3 Ra8 34. Rxa8+ Bxa8 35. Qa7 f6 36. Qb8+ Kh7 37. Qf4 h5 38. Qb8 h4 39. h3 g5 40. Qf8 Kg6
41. Qg8+ Kf5 42. Qh7+ Kf4 43. Qh5 Kf5= 44. Qh7+ Kf4= 45. Qg6 Qf5 46. Qh5 Ke4 47. Qe8 Bb7 48. Be2 b4 49. Qe7 bxc3 50. Qxb7+ Kxd4
51. Qb6+
1-0

[Event "QGD Slav defence over 1800"]
[Site "SchemingMind.com"]
[Date "2007.08.08"]
[Round "-"]
[White "GrischukFan"]
[Black "faulty"]
[Result "1/2-1/2"]
[WhiteCountry "GER"]
[BlackCountry "USA"]
[WhiteElo "2244"]
[WhiteRD "87"]
[BlackElo "1879"]
[BlackRD "80"]
[GameID "115715"]

1. d4 d5 2. c4 c6 3. Nf3 Nf6 4. Nc3 Nbd7 5. e3 g6 6. cxd5 cxd5 7. Be2 Bg7 8. O-O O-O 9. Bd2 a6 10. Rc1 b5
11. Re1 Bb7 12. Bd3 Rc8 13. a4 b4 14. Ne2 a5 15. Rxc8 Qxc8 16. Ng3 Qb8 17. Qb1 Rc8 18. Rc1 Rxc1+ 19. Qxc1 Qc8 20. Qxc8+= Bxc8
21. Bc1 Bb7=
1/2-1/2

[Event "QGD Slav defence over 1800"]
[Site "SchemingMind.com"]
[Date "2007.08.12"]
[Round "-"]
[White "Lazaro"]
[Black "faulty"]
[Result "1-0"]
[WhiteCountry "CUB"]
[BlackCountry "USA"]
[WhiteElo "1902"]
[WhiteRD "58"]
[BlackElo "1919"]
[BlackRD "80"]
[GameID "115716"]

1. d4 d5 2. c4 c6 3. cxd5 cxd5 4. Nc3 Nc6 5. Nf3 Nf6 6. Bf4 a6 7. e3 g6 8. Rc1 Bg7 9. Bd3 O-O 10. O-O Nh5
11. Bg5 h6 12. Bh4 g5 13. Nxg5 Nf6 14. Nf3 Qd6 15. Bg3 Qb4 16. Qc2 Bg4 17. a3 Qb6 18. Ne5 Nxe5 19. dxe5
1-0

[Event "QGD Slav defence over 1800"]
[Site "SchemingMind.com"]
[Date "2007.08.08"]
[Round "-"]
[White "thebirdolux"]
[Black "faulty"]
[Result "0-1"]
[WhiteCountry "USA"]
[BlackCountry "USA"]
[WhiteElo "1893"]
[WhiteRD "90"]
[BlackElo "1919"]
[BlackRD "80"]
[GameID "115717"]

1. d4 d5 2. c4 c6 3. Nc3 Nf6 4. e3 g6 5. Nf3 Bg7 6. Bd3 O-O 7. O-O h6 8. Bd2 Be6 9. cxd5 cxd5 10. Ne5 Nc6
11. f4 Bf5 12. Bxf5 gxf5 13. Be1 Ne4 14. Qh5 e6
0-1

[Event "QGD Slav defence over 1800"]
[Site "SchemingMind.com"]
[Date "2007.08.15"]
[Round "-"]
[White "Rhel"]
[Black "AlekhineKid"]
[Result "1-0"]
[WhiteCountry "GBR"]
[BlackCountry "USA"]
[WhiteElo "2177"]
[WhiteRD "101"]
[BlackElo "1902"]
[BlackRD "79"]
[GameID "116024"]

1. d4 d5 2. c4 c6 3. cxd5 cxd5 4. Nf3 Nf6 5. Nc3 Nc6 6. Bf4 a6 7. e3 Bg4 8. Be2 Qb6 9. O-O e6 10. Na4 Qa7
11. Qb3 b5 12. Rac1 Na5 13. Qc2 Be7 14. Nc5 O-O 15. h3 Bxf3 16. Bxf3 Rac8 17. Qc3 Nb7 18. b4 Rc6 19. Qc2 Rfc8 20. a3 Nd6
21. a4 bxa4 22. Qxa4 Nc4 23. Rxc4
1-0

[Event "QGD Slav defence over 1800"]
[Site "SchemingMind.com"]
[Date "2007.08.10"]
[Round "-"]
[White "Rhel"]
[Black "Apocalypse"]
[Result "1-0"]
[WhiteCountry "GBR"]
[BlackCountry "USA"]
[WhiteElo "2179"]
[WhiteRD "90"]
[BlackElo "2223"]
[BlackRD "77"]
[GameID "116025"]

1. d4 d5 2. c4 c6 3. cxd5 cxd5 4. Nf3 Nf6 5. Nc3 a6 6. Bf4 Nc6 7. e3 Bg4 8. Be2 e6 9. O-O Be7 10. h3 Bh5
11. Rc1 O-O 12. Ne5 Nxe5 13. Bxh5 Nc4 14. Rc2 Rc8 15. Bf3 Qa5 16. Qe2 b5 17. Rfc1 b4 18. Na4 Qxa4 19. b3 Qd7 20. bxc4 Ne4
21. Bxe4 dxe4 22. c5 Rc6 23. Qc4 a5 24. a3 bxa3 25. Ra1 Bf6 26. Rxa3 e5 27. d5 Rxc5 28. Qxc5 Be7 29. Qxa5 Bxa3 30. Bxe5 Bd6
31. Bxd6 Qxd6 32. Rc6 Qe5 33. Qd2 Rb8 34. Rc1 Qd6 35. Qd4 f5 36. Qa7 h5 37. g3 h4 38. Rc7 Rb1+ 39. Kg2 Qf6 40. Rc6 Qa1
41. Qxa1 Rxa1 42. gxh4 Ra2 43. Kg3 Rd2 44. d6 Kf7 45. h5
1-0

[Event "QGD Slav defence over 1800"]
[Site "SchemingMind.com"]
[Date "2007.08.11"]
[Round "-"]
[White "Rhel"]
[Black "faulty"]
[Result "1/2-1/2"]
[WhiteCountry "GBR"]
[BlackCountry "USA"]
[WhiteElo "2177"]
[WhiteRD "101"]
[BlackElo "1848"]
[BlackRD "74"]
[GameID "116026"]

1. d4 d5 2. c4 c6 3. cxd5 cxd5 4. Nf3 Nc6 5. Nc3 Nf6 6. Bf4 Bf5 7. e3 e6 8. Bd3 Bxd3 9. Qxd3 a6 10. O-O Bd6
11. Bxd6 Qxd6 12. a3 O-O 13. Rfc1 b5 14. b4 Rfc8 15. h3 h6 16. Nd2 Nd7 17. Nb3 Nb6 18. Nc5 Nc4 19. Ne2= Ne7 20. Nf4 Rc6
21. Rc2 Rac8 22. Nb7 Qc7 23. Nc5 Qd6 24. Nb7 Qc7 25. Nc5 Qd6=
1/2-1/2

[Event "QGD Slav defence over 1800"]
[Site "SchemingMind.com"]
[Date "2007.08.10"]
[Round "-"]
[White "Rhel"]
[Black "Aumonde"]
[Result "1/2-1/2"]
[WhiteCountry "GBR"]
[BlackCountry "USA"]
[WhiteElo "2180"]
[WhiteRD "96"]
[BlackElo "2181"]
[BlackRD "63"]
[GameID "116027"]

1. d4 d5 2. c4 c6 3. cxd5 cxd5 4. Nf3 Nc6 5. Nc3 e6 6. Bf4 Nf6 7. e3 Bb4 8. Bd3 Bxc3+ 9. bxc3 Qa5 10. O-O O-O
11. Qb3 Rd8 12. Ne5 Nxe5 13. Bxe5 Ne4 14. Rfc1 f6 15. Bf4 g5 16. Bg3 Nxg3 17. hxg3 Bd7 18. c4 Bc6 19. c5 Re8 20. g4 Re7
21. g3 e5 22. Bf5 Rae8 23. Kg2 Kg7 24. Rh1 h6 25. Qd1 Ba4 26. Qd3 Bb5 27. Qd1 Qa6 28. Qg1 Rh8 29. a4 Be2 30. Qc1 e4
31. Rh2 Bf3+ 32. Kg1 Rc7 33. a5 Be2 34. Kg2 Re7 35. Rb1 Bd3 36. Ra1 Bc4 37. Qa3 Qc6 38. Rb1 Rc7 39. Rh5 Qa6 40. Qc3 Be2
41. Kg1=
1/2-1/2